Vstup do bytového domu : Dizertačná práca

Na minha lista:
Detalhes bibliográficos
Autor principal: Minarovičová, Katarína, 1968- (Author)
Formato: Livro
Idioma:eslovaco
Publicado em: Bratislava : STU v Bratislave SvF, 2002
Tags: Adicionar Tag
Sem tags, seja o primeiro a adicionar uma tag!

MARC

LEADER 00000nam a22000003a 4500
001 stu188185
005 20220401125759.3
008 090806s2002----xo------------------slo-d
040 |a STU  |b slo 
041 0 |a slo 
044 |a xo 
100 1 |a Minarovičová, Katarína,  |d 1968-  |4 aut  |u V180  |U SvF Stavebná fakulta  |T SvF Katedra konštrukcií pozemných stavieb  |X 773  |U V180  |Y 18  |7 A000000773 
245 1 |a Vstup do bytového domu :  |b Dizertačná práca 
260 |a Bratislava :  |b STU v Bratislave SvF,  |c 2002 
300 |a 213 s 
996 |b 284V033518  |c V*2570/DP-787  |l VVS  |s P  |a 0  |w stu188185_0001